Представление документа в формате RUSMARC

ПолеНазваниеЗначение
  Тип записи a
  Библиографический уровень a
001 Контрольный номер RU/CBS_Ul/BASE/539263525
005 Дата корректировки 20240209175110.3
100 Данные общей обработки __
a Данные общей обработки 20170201d2017 ||| 0rusy0189 ca
101 Язык документа 0_
a Язык текста rus
102 Страна публикации __
a Страна публикации RU
105 Кодированные данные (монография) __
a Кодированные данные (монография) y###||||000|y
200 Заглавие и сведения об ответственности 1_
a Заглавие Загадки "пятой тетради"
b Общее обозначение материала Текст
e Сведения, относящиеся к заглавию [ульяновские композитор и поэтесса Владимир и Светлана Поповские написали музыкальный спектакль - биографию великого писателя А.И. Гончарова]
f Первые сведения об ответственности А. Филатов
300 Общие примечания __
a Общие примечания Ограничения по возрасту - 12+
461 Уровень набора _0
1 2000
a Мономах
463 Уровень физической единицы _0
1 001RU/CBS_Ul/BASE/539190154
1 2000
a № 4
v С. 54-55
1 210
d 2011
600 Персоналии _0
a Персоналии (Фамилия) Гончаров
b Персоналии (Имя, инициалы) И.А.
606 Тематические рубрики 0_
a Основная рубрика Гончаров, Иван Александрович (1812-1891) - Биография - Музыкальные произведения
610 Ключевые слова 0_
a Ключевые слова русские писатели
610 Ключевые слова 0_
a Ключевые слова музыкальные произведения
610 Ключевые слова 0_
a Ключевые слова биографии
610 Ключевые слова 0_
a Ключевые слова музыкальные спектакли
610 Ключевые слова 0_
a Ключевые слова музыкальные произведения
686 Индексы других классификаций __
a Классификационный индекс 83.3(2Рос=Рус)1
2 Код системы ББК
686 Индексы других классификаций __
a Классификационный индекс 85.3
700 Автор _1
a Фамилия Филатов
b Имя (инициалы) А.
801 Источник записи _0
a Страна RU
b Организация МБУК ЦБС г. Ульяновска
c Дата составления 20170201
g Правила каталогизации RCR
801 Источник записи _1
a Страна RU
b Организация МБУК ЦБС г. Ульяновска
c Дата составления 20170201
g Правила каталогизации RCR
900 Электронные ресурсы __
a Имя электронного ресурса Филатов Загадки
901 Тип документа __
t Тип документа b
w Контрольный № источника RU/CBS_Ul/BASE/539190154
910 Корректоры записи __
a Корректор записи Нецеевский
938 Служебная информация __
a Имя БД kraeved